000 00505nam a2200193 a 4500
001 1770285652809
003 YourLibrary
005 20260205153743.0
008 260205s2001##################000#0#eng##
020 _a9780333947746
082 0 4 _a332.494
_bROB
100 1 _aRoberts, Richard,
_eauthor.
245 1 0 _aTake Your Partners :
260 _bPalgrave MacMillan,
_c2001.
300 _a359 pages
650 0 _aBusiness & Economics.
942 _cENGLISH
040 _aYourLibrary
_beng
_cYourLibrary
999 _c610469
_d610469